Complete Conference Organisers Handbook (Record no. 85356)
[ view plain ]
| 000 -LEADER | |
|---|---|
| fixed length control field | 00605nam a2200193Ia 4500 |
| 008 - FIXED-LENGTH DATA ELEMENTS--GENERAL INFORMATION | |
| fixed length control field | 230125s9999 xx 000 0 und d |
| 020 ## - INTERNATIONAL STANDARD BOOK NUMBER | |
| International Standard Book Number | 0-7499-1176-X |
| 041 ## - LANGUAGE CODE | |
| Language code of text/sound track or separate title | eng |
| 082 ## - DEWEY DECIMAL CLASSIFICATION NUMBER | |
| Classification number | 651.75 |
| Item number | O''''C |
| 100 ## - MAIN ENTRY--PERSONAL NAME | |
| Personal name | O'Connor R |
| 9 (RLIN) | 108551 |
| 245 ## - TITLE STATEMENT | |
| Title | Complete Conference Organisers Handbook |
| Remainder of title | Plannin, Budgets, Venues, Concepts, Scripts, Sound, Lighting, Video |
| 260 ## - PUBLICATION, DISTRIBUTION, ETC. (IMPRINT) | |
| Date of publication, distribution, etc. | 1994 |
| Name of publisher, distributor, etc. | Piatkus publication |
| Place of publication, distribution, etc. | London |
| 300 ## - PHYSICAL DESCRIPTION | |
| Extent | 242p |
| 500 ## - GENERAL NOTE | |
| Keywords | Business letters;Letter writing |
| 500 ## - GENERAL NOTE | |
| Keywords | Conference |
| 650 ## - SUBJECT ADDED ENTRY--TOPICAL TERM | |
| Topical term or geographic name as entry element | Communication |
| 700 ## - ADDED ENTRY--PERSONAL NAME | |
| Personal name | O'Connor R |
| 9 (RLIN) | 108551 |
| Withdrawn status | Lost status | Damaged status | Not for loan | Home library | Current library | Date acquired | Vendor | Cost, normal purchase price | Bill number | Total Checkouts | Full call number | Barcode | Date last seen | Cost, replacement price | Bill Date | Koha item type | Original Barcode |
|---|---|---|---|---|---|---|---|---|---|---|---|---|---|---|---|---|---|
| Smt. Hiraben Nanavati Institute of Management & Research for Women | Smt. Hiraben Nanavati Institute of Management & Research for Women | 01/12/1997 | System sales | 295.00 | 5084 /25.11.1997 | 651.75 OC B00727 | HIMR-BK-727 | 25/01/2023 | 295.00 | 02/12/1997 | Books | B00727 |